All GregTech: New Horizons Multiblocks - Statistics

General Stats
  • This quiz has been taken 9 times
  • The average score is 14 of 188
Answer Stats
Answer % Correct
Electric Blast Furnace
75%
Large Chemical Reactor
75%
Coke Oven
63%
Vacuum Freezer
63%
Big Barrel Brewery
50%
Eye of Harmony
50%
Alloy Blast Smelter
38%
Forge of the Gods
38%
Mega Electric Blast Furnace
38%
Mega Vacuum Freezer
38%
Stargate
38%
Advanced Coke Oven
25%
Assembly Line
25%
Bricked Blast Furnace
25%
Dimensionally Transcendent Plasma Forge
25%
Distillation Tower
25%
Fusion Reactor
25%
Gas Turbine
25%
Industrial Coke Oven
25%
Industrial Maceration Stack
25%
Large Boiler
25%
Large Gas Turbine
25%
Multi Smelter
25%
Space Elevator
25%
Steam Blender
25%
Steam Oven
25%
Steam Purifier
25%
Zhuhai Fishing Port
25%
Advanced Assembly Line
13%
Circuit Assembly Line
13%
Combustion Generator
13%
Compact Fusion Reactor
13%
Dangote Distillus
13%
Density^2
13%
Electric Implosion Compressor
13%
Ender Quarry
13%
Example Multiblock
13%
ExxonMobil Chemical Plant
13%
Fluid Drilling Rig
13%
Implosion Compressor
13%
Industrial Centrifuge
13%
Industrial Extrusion Machine
13%
Industrial Material Press
13%
Large Sifter
13%
Mega Chemical Reactor
13%
Mega Distillation Tower
13%
Multifarm
13%
Nano Forge
13%
Ore Drilling Plant
13%
Rocketdyne F-1A Engine
13%
Semi-Stable Antimatter Stabilization Sequencer
13%
Smeltery
13%
Steam Grinder
13%
Steam Separator
13%
Twenty Five Fluid Tank
13%
Void Miner
13%
Volcanus
13%
YOTTank
13%
Absolute Baryonic Perfection Purification Unit
0%
Active Transformer
0%
Algae Farm
0%
Alveary
0%
Amazon Warehousing Depot
0%
Bacterial Vat
0%
Beamline
0%
Boldarnator
0%
Charcoal Pile Igniter
0%
Clarifier Purification Unit
0%
Cleanroom
0%
Component Assembly Line
0%
Concrete Backfiller
0%
Coolant Tower
0%
Cryogenic Freezer
0%
Cyclotron
0%
Data Bank
0%
Decay Warehouse
0%
Deep Earth Heating Pump
0%
Digester
0%
Dissection Apparatus
0%
Dissolution Tank
0%
Draconic Evolution Fusion Crafter
0%
Draconic Reactor
0%
Drone Centre
0%
Dyson Swarm Ground Unit
0%
Electric Air Filter
0%
Elemental Duplicator
0%
Energy Infuser
0%
Exo-Foundry
0%
Extreme Combustion Engine
0%
Extreme Entity Crusher
0%
Extreme Heat Exchanger
0%
Extreme Industrial Greenhouse
0%
Extreme Temperature Fluctuation Purification Unit
0%
Flocculation Purification Unit
0%
Flotation Cell Regulator
0%
Fluid Reactor
0%
Fluid Shaper
0%
High Current Industrial Arc Furnace
0%
High Energy Laser Purification Unit
0%
High Temperature Gas-Cooled Reactor
0%
Hot Isostatic Pressurization Unit
0%
Hyper-Intensity Laser Engraver
0%
Industrial 3D Copying Machine
0%
Industrial Apicultural Acclimatiser and Drone Domestication Station
0%
Industrial Autoclave
0%
Industrial Cutting Factory
0%
Industrial Electrolyzer
0%
Industrial Mixing Machine
0%
Industrial Precision Lathe
0%
Industrial Sledgehammer
0%
Industrial Wire Factory
0%
Integrated Ore Factory
0%
IsaMill Grinding Machine
0%
Kinetic Generator
0%
Laminated Application and Thermal Enclosure eXpert
0%
Lapotronic Supercapacitor
0%
Large Combustion Engine
0%
Large Electric Compressor
0%
Large Fluid Extractor
0%
Large Heat Exchanger
0%
Large Molecular Assembler
0%
Large Naquadah Reactor
0%
Large Plasma Turbine
0%
Large Scale Auto-Assembler v1.01
0%
Large Semifluid Burner
0%
Large Steam Turbine
0%
Large Thermal Refinery
0%
Liquid Fluoride Thorium Reactor
0%
Magnetic Flux Exhibitor
0%
Mass Solidifier
0%
Matter Fabrication CPU
0%
Matter Manipulator Quantum Uplink
0%
Mega Alloy Blast Smelter
0%
Mega Oil Cracker
0%
Microwave Grinder
0%
Miniature Wormhole Generator
0%
Molecular Transformer
0%
Naquadah Fuel Refinery
0%
Network Switch With QoS
0%
Neutron Activator
0%
Neutronium Compressor
0%
Nuclear Reactor
0%
Nuclear Salt Processing Plant
0%
Oil Cracking Unit
0%
Ore Washing Plant
0%
Ozonation Purification Unit
0%
PCB Factory
0%
PH Neutralization Purification Unit
0%
Planetary Gas Siphon
0%
Precise Auto-Assembler MT-3662
0%
Pseudostable Black Hole Containment Field
0%
Pyrolyse Oven
0%
Quantum Computer
0%
Quantum Force Transformer
0%
Railcraft Boiler
0%
Railcraft Tank
0%
Reactor Fuel Processing Plant
0%
Research Completer
0%
Research Station
0%
Residual Decontaminant Degasser Purification Unit
0%
Shielded Lagrangian Annihilation Matrix
0%
Solar Factory
0%
Solar Tower
0%
Solid-Oxide Fuel Cell
0%
Sparge Tower
0%
Spinmatron-2737
0%
Steam Fuser
0%
Steam Hearth
0%
Steam Presser
0%
Steam Squasher
0%
Steam Turbine
0%
Tesla Tower
0%
Thermal Boiler
0%
Thermic Heating Device
0%
Thorium High Temperature Reactor
0%
Transcendent Plasma Mixer
0%
Tree Growth Simulator
0%
TurboCan Pro
0%
Universal Chemical Fuel Engine
0%
Utupu-Tanuri
0%
Water Pump
0%
Water Purification Plant
0%
Water Tank
0%
Whakawhiti Wera XL
0%
XL Turbo Gas Turbine
0%
XL Turbo Plasma Turbine
0%
XL Turbo Steam Turbine
0%
Zyngen
0%
No matching quizzes found
Score Distribution
Percent of People with Each Score
Percentile by Number Answered
Your Score History
You have not taken this quiz